Operate Computers Yourself (Record no. 1165)
[ view plain ]
| 000 -LEADER | |
|---|---|
| fixed length control field | 00221nam a22000857a 4500 |
| 008 - FIXED-LENGTH DATA ELEMENTS--GENERAL INFORMATION | |
| fixed length control field | 160629b xxu||||| |||| 00| 0 eng d |
| 100 ## - MAIN ENTRY--PERSONAL NAME | |
| 9 (RLIN) | 1407 |
| Personal name | Minhas, D.S |
| 245 ## - TITLE STATEMENT | |
| Title | Operate Computers Yourself |
| 260 ## - PUBLICATION, DISTRIBUTION, ETC. (IMPRINT) | |
| Place of publication, distribution, etc. | N.D |
| Name of publisher, distributor, etc. | Dreamland |
| Date of publication, distribution, etc. | 2001 |
| Withdrawn status | Lost status | Source of classification or shelving scheme | Damaged status | Not for loan | Home library | Current library | Shelving location | Date acquired | Total Checkouts | Full call number | Barcode | Date last seen | Date last checked out | Price effective from | Koha item type |
|---|---|---|---|---|---|---|---|---|---|---|---|---|---|---|---|
| Dewey Decimal Classification | Good Samaritan School Library | Good Samaritan School Library | Computer Science | 06/29/2016 | 1 | MIN004 | MIN2026 | 12/21/2018 | 12/19/2018 | 06/29/2016 | BOOK |